| 000 | 00605nam a2200205 a 4500 | ||
|---|---|---|---|
| 005 | 20210223123436.0 | ||
| 008 | 991125s1983 es 000 0 spa u | ||
| 020 | _a8427259719 | ||
| 035 | _aUPN01000053583 | ||
| 049 | _aI | ||
| 050 | 4 |
_aPZ5 _bP68 no.11 |
|
| 100 | 1 |
_aMiddleton, Haydn, _d1955- _942806 |
|
| 245 | 1 | 3 |
_aEl siglo XVI / _cHaydn Middleton ; tr. J. M. Highstone. |
| 260 |
_aBarcelona, Esp. : _bMolino, _cc1983. |
||
| 300 |
_a61 p. : _bil. col. |
||
| 440 | 0 |
_aPueblos del pasado ; _v11 |
|
| 650 | 4 |
_aCIVILIZACION MEDIEVAL _910786 |
|
| 650 | 4 |
_aHISTORIA MODERNA - _ySIGLO XVI |
|
| 905 | _aInfantil | ||
| 999 |
_c53583 _d53583 |
||